[Event "Quebec-ch U12"]
[Site "Montreal"]
[Date "2012.11.24"]
[Round "2"]
[White "Marsault, Paul"]
[Black "Wang, Kelly"]
[Result "0-1"]
[WhiteElo "924"]
[BlackElo "1697"]
[PlyCount "108"]
[EventDate "2012.11.23"]
[EventType "swiss"]
[EventRounds "5"]
[EventCountry "CAN"]
[SourceTitle "EXT 2022"]
[Source "ChessBase"]
[SourceDate "2021.10.06"]
[SourceVersion "1"]
[SourceVersionDate "2021.10.06"]
[SourceQuality "1"]

1. e4 c5 2. Bc4 Nc6 3. Nf3 d6 4. Nc3 Bg4 5. d3 Bxf3 6. Qxf3 Ne5 7. Qd1 Nxc4 8. dxc4 Nf6 9. 0-0 e6 10. Bg5 Be7 11. Bxf6 Bxf6 12. Qd3 0-0 13. f4 a6 14. Rad1 Rc8 15. Rd2 Bd4+ 16. Kh1 Qc7 17. Rf3 Bxc3 18. bxc3 Rcd8 19. Rh3 e5 20. g3 Rfe8 21. fxe5 dxe5 22. Qe3 Rxd2 23. Qxd2 Rd8 24. Qg5 Qd7 25. Kg2 Qd2+ 26. Qxd2 Rxd2+ 27. Kf3 Rxc2 28. Rh5 Rxc3+ 29. Ke2 f6 30. Rf5 Rxc4 31. Ke3 Rc2 32. Rf2 Rxf2 33. Kxf2 c4 34. Ke3 b5 35. Kd2 b4 36. Kc2 a5 37. Kb2 a4 38. a3 b3 39. Kc3 Kf7 40. h4 g5 41. hxg5 fxg5 42. g4 h5 43. gxh5 g4 44. h6 Kg6 45. h7 Kxh7 46. Kxc4 b2 47. Kb4 b1Q+ 48. Kxa4 Qxe4+ 49. Ka5 g3 50. a4 g2 51. Ka6 Qxa4+ 52. Kb7 g1R 53. Kb8 Rg7 54. Kc8 Qa8# 0-1